Euros 2024 France Squad - Statistics

General Stats
  • This quiz has been taken 672 times
  • The average score is 20 of 25
Answer Stats
Pos Club Answer % Correct
FW PSG Kylian Mbappe
97%
GK Milan Mike Maignan
93%
DF Arsenal William Saliba
92%
MF Real Madrid Aurelien Tchouameni
91%
MF Real Madrid Eduardo Camavinga
91%
MF Al Ittihad N'Golo Kante
89%
DF Liverpool Ibrahima Konate
87%
FW PSG Ousmane Dembele
87%
DF Milan Theo Hernandez
87%
GK West Ham Alphonse Areola
84%
MF Atletico Antoine Griezmann
84%
DF Bayern Dayot Upamecano
84%
DF Barcelona Jules Kounde
83%
FW Milan Olivier Giroud
82%
MF Juventus Adrien Rabiot
80%
DF Real Madrid Ferland Mendy
80%
FW Bayern Kingsley Coman
80%
FW Inter Marcus Thuram
80%
FW PSG Randal Kolo Muani
74%
DF Inter Benjamin Pavard
71%
FW PSG Bradley Barcola
70%
MF PSG Warren Zaire-Emery
61%
GK Lens Brice Samba
52%
DF Marseille Jonathan Clauss
48%
MF Monaco Youssouf Fofana
45%
No matching quizzes found
Score Distribution
Percent of People with Each Score
Percentile by Number Answered
Your Score History
You have not taken this quiz